000 00432nam a2200181Ia 4500
001 30682
003 IN-NITTTR
005 20251114233414.0
008 251113s9999||||xx |||||||||||||| ||eng||
040 _beng
040 _cIN-NITTTR
041 _aeng
082 _a621.3845 B395M
100 _aBehera, G. K.
245 0 _aMobile communication /
_cBehera, G. K., Das, Lopamudra
700 _a Das, Lopamudra
942 _2ddc
_cBK
999 _c33312
_d33312